[Event "Ardennes-ch 0102"]
[Site "Ardennes"]
[Date "2001.??.??"]
[Round "?"]
[White "Coen, Jean Jacques"]
[Black "Charbau, Yanick"]
[Result "0-1"]
[WhiteElo "1630"]
[BlackElo "1870"]
[PlyCount "74"]
[EventDate "2001.??.??"]
[EventType "swiss"]
[EventRounds "9"]
[EventCountry "FRA"]
[SourceTitle "EXT 2008"]
[Source "ChessBase"]
[SourceDate "2007.11.25"]
[SourceVersion "1"]
[SourceVersionDate "2007.11.25"]
[SourceQuality "1"]

1. d4 Nf6 2. Bg5 e6 3. e4 Be7 4. Nc3 Nxe4 5. Bxe7 Nxc3 6. Bxd8 Nxd1 7. Bxc7 Nxb2 8. Bd6 Na4 9. g3 Nc6 10. Ne2 Nb6 11. Bg2 Nc4 12. Bf4 d5 13. c3 0-0 14. 0-0 Bd7 15. Nc1 Rac8 16. Nd3 b6 17. a4 N6a5 18. Rfb1 h6 19. h4 Nc6 20. Rb3 Rfe8 21. Bh3 Ne7 22. Ne5 Nxe5 23. Bxe5 Nc6 24. Bf4 Na5 25. Rba3 Rc6 26. Bf1 Rec8 27. Ba6 Rd8 28. Bb5 Rcc8 29. Ba6 Ra8 30. R3a2 Bc6 31. Rb1 Bb7 32. Bxb7 Nxb7 33. Rc1 Rac8 34. Rac2 Rc4 35. Ra1 Rdc8 36. Bd2 Na5 37. Ra3 Rxd4 0-1

[Event "Ardennes-ch 0102"]
[Site "Ardennes"]
[Date "2001.??.??"]
[Round "?"]
[White "Romain, Emeline"]
[Black "Coen, Jean Jacques"]
[Result "0-1"]
[WhiteElo "1900"]
[BlackElo "1730"]
[PlyCount "85"]
[EventDate "2001.??.??"]
[EventType "swiss"]
[EventRounds "9"]
[EventCountry "FRA"]
[SourceTitle "EXT 2008"]
[Source "ChessBase"]
[SourceDate "2007.11.25"]
[SourceVersion "1"]
[SourceVersionDate "2007.11.25"]
[SourceQuality "1"]

1. d4 Nf6 2. Nf3 b6 3. Bg5 Ne4 4. Bh4 Bb7 5. Nbd2 g6 6. e3 Bg7 7. Nxe4 Bxe4 8. Bc4 0-0 9. 0-0 d6 10. Ng5 Bb7 11. Qg4 d5 12. Bd3 Bc8 13. Qe2 Nc6 14. c3 e5 15. Bb5 Nb8 16. Nf3 Qd6 17. Nxe5 Bxe5 18. dxe5 Qxe5 19. Bg3 Qe7 20. Rad1 c6 21. Ba4 Ba6 22. Qd2 Bxf1 23. Rxf1 b5 24. Bxb5 cxb5 25. Qxd5 Qd7 26. Qb3 a5 27. Rd1 a4 28. Qc2 Qe6 29. b3 axb3 30. axb3 Nd7 31. h3 Nc5 32. c4 Rfd8 33. Rb1 b4 34. Bf4 Rd3 35. Rd1 Rad8 36. Rxd3 Rxd3 37. Qa2 Rxb3 38. Qa8+ Kg7 39. Qb8 Rb1+ 40. Kh2 Nd7 41. Qa7 Rd1 42. c5 b3 43. Qa4 0-1